000 01262nac a22002651u 4500
010 _a 98024796
020 _a0073661120 (student ed. : alk. paper)
020 _a0073661139 (instructor's ed. : alk. paper)
020 _a0071158561 (international ed. : alk. paper)
035 _a(DLC) 98024796
082 0 0 _a658.5
_bS8471
090 _c4501
_d4501
100 _aStevenson, William J.
245 1 0 _aProduction/operations management /
_cWilliam J. Stevenson.
250 _a6th ed.
_bInternational ed.
260 _aBoston :
_bIrwin/McGraw-Hill,
_cc1999.
300 _axvi, 912 p. :
_bill. (some col.) ;
_c29 cm. +
_e1 computer laser optical disc (4 3/4 in.)
500 _aIncluded in an envelope a card containing the password to the web Online Learning Center.
500 _aInternational Edition.
504 _aIncludes bibliographical references and index.
538 _aSystem requirements for accompanying computer disc: Microsoft Windows 95 ; Microsoft Internet Explorer 3.0 or higher ; Netscape Navigator 3.0 or higher.
650 0 _aProduction management.
942 _cBB
_k658.5S8471
999 _c4501
_d4501